Joueurs ayant joué ensemble dans même club de football - Statistiques

Statistiques générales
  • Ce quiz a été pris 355 fois
  • Le résultat moyen est 8 sur 15
Statistiques - réponses
Hint Réponse % Correct
Kingsley Coman / Jérémy Ménez / Kevin Gameiro / Christophe Jallet PSG
87%
Anthony Martial / Valère Germain / Lucas Ocampos / Aymen Abdennour Monaco
85%
Jesé / Martin Odegaard / Chicharito Hernandez / Raul de Tomas Real Madrid
78%
Gael Kakuta / Kevin De Bruyne / Nicolas Anelka / Florent Malouda Chelsea
73%
David Beckham / Thiago Silva / Mathieu Flamini / Ronaldinho Milan
65%
Ciro Immobile / Ilkay Gundogan / Matthias Ginter / Mats Hummels Borussia Dortmund
63%
Emiliano Martinez / Sead Kolasinac / Ismaël Bennacer / Donyell Malen Arsenal
57%
Dani Carvajal / Arkadiusz Milik / Bernd Leno / André Schürrle Bayer Leverkusen
56%
Zlatan Ibrahimovic / Romain Alessandrini / Jonathan Dos Santos / Giovanni Dos Santos LA Galaxy
56%
Sven Botman / Lasse Schöne / Kasper Dolberg / Noa Lang Ajax
53%
Gonzalo Higuain / Federico Higuain / Blaise Matuidi / Kierran Gibbs Inter Miami
45%
Jérémy Toulalan / Isco / Nacho Monreal / Joaquin Malaga
37%
Yohann Gourcuff / Nayef Aguerd / Wesley Saïd / Valentin Rosier Dijon
30%
Andrea Barzagli / Edin Dzeko / Marwin Hitz / Grafite Wolfsbourg
27%
Oscar / Hulk / Marco Arnautovic / Aaron Mooy Shangai SIPG
2%
Aucun quiz correspondant
Distribution des résultats
% des personnes avec chaque résultat
Percentile par nombre de réponses
Votre historique - résultats
Vous n’avez pas pris ce quiz